000 00639cam a2200193 4500500
005 20251228095029.0
041 _afre
042 _adc
100 1 0 _aBouit, Delphine
_eauthor
700 1 0 _aLévi, Florence
_eauthor
245 0 0 _aQue, qui, qu’y croire ?
260 _c2016.
500 _a51
520 _aDe quelques saynètes en guise d’amusement.
520 _aA few short scenes to end in merriment.
520 _aBreves cenas em jeito de divertimento.
786 0 _nSigila | 38 | 2 | 2016-10-03 | p. 125-126 | 1286-1715
856 4 1 _uhttps://shs.cairn.info/revue-sigila-2016-2-page-125?lang=fr&redirect-ssocas=7080
999 _c1605387
_d1605387